Normal view MARC view
  • Sereny, Gitta,

Entry Nombre Personal

Number of records used in: 1

001 - NUMERO DE CONTROL

  • campo de control: 43450

003 - IDENTIFICADOR DE NUMERO DE CONTROL

  • campo de control: UPN

005 - FECHA Y HORA DE LA ÜLTIMA TRANSACCIÓN

  • campo de control: 20211018124559.0

008 - DATOS DE LONGITUD FIJA

  • campo de control de longitud fija: 211018|g aca||aabn | aaa d

040 ## - FUENTE DE CATALOGACIÓN

  • Agencia original de catalogación: UPN

100 1# - ENCABEZAMIENTO - NOMBRE PERSONAL

  • Nombre personal: Sereny, Gitta,
  • Fechas asociadas con el nombre: 1921-2012

670 ## - FUENTE EN LA QUE SE LOCALIZARON DATOS

  • Cita de la fuente: LC

680 ## - NOTA PUBLICA DE ACCESO PÚBLICO

  • Frase explicativa de la referencia: Escritora, historiadora, biógrafa y periodista de origen húngaro conocida por sus libros sobre Mary Bell y miembros del Tercer Reich

902 ## - CATALOGADOR

  • Catalogador: CAA/181021